000 00291nam a2200109Ia 4500
008 190914s9999||||xx |||||||||||||| ||und||
100 _aMuhammad Ahmed
245 0 _aWorld Peace Order toward an International State
260 _aUSA
_bIslamic Educational
_c2000
300 _a646
942 _cBK
999 _c9207
_d9207